| 000 | 01470 a2200373 4500 | ||
|---|---|---|---|
| 999 |
_c200128870 _d41595 |
||
| 001 | 200128870 | ||
| 003 | TR-AnTOB | ||
| 005 | 20210713142444.0 | ||
| 008 | 161025s2010 tu 000 0 | ||
| 020 | _a9789755903354 | ||
| 040 |
_aTR-AnTOB _cTR-AnTOB |
||
| 041 | _atur | ||
| 060 | 1 | 1 |
_aW 76 JT8 _bM655 2010 |
| 096 | _aW76 JT8 M655 2010 | ||
| 100 | 1 |
_aMollahaliloğlu, Salih _932486 |
|
| 245 | 0 | 0 |
_aSağlık personeli memnuniyet araştırması = Healthcare employee satisfaction survey / _ceditör, Recep Akdağ ; yazarlar, Salih Mollahaliloğlu .. [ve başkaları]. |
| 246 | 3 | 1 | _aHealthcare employee satisfaction survey. |
| 264 | 1 |
_aAnkara : _bHıfzıssıhha Mektebi Müdürlüğü, _c2010. |
|
| 300 |
_a162 sayfa : _bresim ; _c24 cm. |
||
| 336 |
_2rdacontent _atext _btxt |
||
| 337 |
_2rdamedia _aunmediated _bn |
||
| 338 |
_2rdacarrier _avolume _bnc |
||
| 490 | 0 |
_aSağlık Bakanlığı Yayın No ; _v805 _aAraştırma Serisi ; _v3 |
|
| 504 | _aIncludes bibliographical references. | ||
| 650 | 2 | 2 |
_aAttitude of Health Personnel _987649 |
| 650 | 1 | 2 |
_aJob satisfaction _zOECD countries _922619 |
| 651 | 0 |
_aTurkey _vPeriodicals _915 |
|
| 700 | 1 |
_aMollahaliloğlu, Salih _932486 |
|
| 700 | 1 |
_aAkdağ, Recep _976931 |
|
| 710 | 2 |
_aTürkiye Cumhuriyeti. _bSağlık Bakanlığı _991958 |
|
| 710 | 2 |
_aRefik Saydam Hıfzıssıhha Merkezi Başkanlığı. _bHıfzıssıhha Mektebi Müdürlüğü _987633 |
|
| 942 |
_cBK _2lcc |
||